Follow That Line: Stranger Things Quiz Stats

Quiz Updated Oct 27, 2017

Challenge
Share
Tweet
Embed
Score 0/30 Timer 15:00
3 Plays Today
% Correct
1,500 pounds.
92.7%
Pudding, it's this chocolate goo you eat with a spoon.
91.3%
No, actually, you see the spaces in between the cans? I'm aiming for those.
91%
What? No. Ew. Gross.
90%
Uh, I think a portal to another dimension is gonna be pretty obvious.
88.7%
We need energy for our travels. For stamina.
88.1%
So what you're saying is the compasses are broken.
88%
First of all, it's a wrist rocket. And second of all, the Demogorgon's not real.
87.8%
And and now you're shopping for bear traps with Jonathan Byers.
87.8%
And they never break a promise.
87.7%
It was when an owl attacked Eleanor Gillespie's head because it thought that her hair was a nest.
86.9%
It's called cleidocranial dysplasia.
86.8%
I'm stealthy, like a ninja.
86.2%
She's not a superhero. She's a weirdo.
86%
But, God help me, I will keep these lights up until the day I die if I think there's a chance that Will's still out there!
84.5%
% Correct
Sweden!
82.8%
I'm the monster.
82.7%
that Jennifer Hayes was crying at his funeral.
82.1%
if we knew you had superpowers.
81.9%
Yeah, but obviously it was stupid, or he'd be here.
81.7%
And now you're asking for my help? Go to hell.
81.3%
Yes, through...through the lights.
81%
She's our friend and she's crazy!
76.7%
but I'm afraid it's not very forgiving.
76.4%
Which is exactly why we need her.
71.6%
But you capture the right moment it says more.
71.1%
Mouth breather.
69.2%
Fun.
65.7%
He’s in the vast majority.
63.8%
Lando Calrissian.
48.8%

You're not logged in!

Compare scores with friends on all Sporcle quizzes.
Sign Up with Email
OR
Log In

You Might Also Like...

Show Comments

Extras

Top Quizzes Today


Score Distribution

Your Account Isn't Verified!

In order to create a playlist on Sporcle, you need to verify the email address you used during registration. Go to your Sporcle Settings to finish the process.

Report this User

Report this user for behavior that violates our Community Guidelines.

Details: